Governors By State - Statistics

General Stats
  • This quiz has been taken 53 times
    46 since last reset
  • The average score is 29 of 50
Answer Stats
Hint Answer % Correct
New York Andrew Cuomo
79%
California Gavin Newsom
79%
Florida Ron Desantis
79%
Arizona Doug Ducey
75%
Maryland Larry Hogan
75%
Georgia Brian Kemp
71%
Massachusetts Charlie Baker
71%
Alabama Kay Ivey
71%
North Carolina Roy Cooper
71%
Colorado Jared Polis
68%
Louisiana John Bel Edwards
68%
Kentucky Matt Bevin
68%
Montana Steve Bullock
68%
Pennsylvania Tom Wolf
68%
New Hampshire Chris Sununu
64%
Texas Greg Abbott
64%
West Virginia Jim Justice
64%
Ohio Mike DeWine
64%
New Jersey Phil Murphy
64%
Hawaii David Ige
61%
Illinois J.B. Pritzker
61%
Kansas Laura Kelly
61%
Michigan Gretchen Whitmer
57%
Maine Janet Mills
57%
Washington Jay Inslee
57%
Nebraska Pete Ricketts
57%
Vermont Phil Scott
57%
Virginia Ralph Northam
57%
Minnesota Tim Walz
57%
Arkansas Asa Hutchinson
54%
Idaho Brad Little
54%
Rhode Island Gina Raimondo
54%
Iowa Kim Reynolds
54%
Oregon Kate Brown
50%
South Dakota Kristi Noem
50%
New Mexico Michelle Lujan Grisham
50%
Alaska Mike Dunleavy
50%
Connecticut Ned Lamont
50%
Utah Gary Herbert
46%
South Carolina Henry McMaster
46%
Delaware John Carney
46%
Missouri Mike Parson
46%
Mississippi Phil Bryant
46%
Nevada Steve Sisolak
46%
Wisconsin Tony Evers
46%
Indiana Eric Holcomb
43%
Tennessee Bill Lee
39%
North Dakota Doug Burgum
39%
Oklahoma Kevin Stitt
36%
Wyoming Mark Gordon
21%
No matching quizzes found
Score Distribution
Percent of People with Each Score
Percentile by Number Answered
Your Score History
You have not taken this quiz since the last reset